000 00848nam a2200289 a 4500
001 vtls000082917
003 NLI
005 20210601194720.0
008 101125s1979 ii 001 0 eng
020 _cRs. 50.00
039 9 _y201011250904
_zVLOAD
040 0 _aNLI
_beng
_cEntertech-2003
_eAACR2
041 0 _aeng
044 _aii
082 0 4 _a100
100 1 _aChandra, Suresh,
_d1929-
_9190070
245 1 0 _aPhilosophical discussions /
_cSuresh Chandra
260 _aBareilly :
_bPrakash Book Depot,
_c1979
300 _axiii, 205 p. ;
_c22 cm.
504 _aIncludes bibliographical references and index
650 0 _aPhilosophy
_xAddresses, essays, lectures
_9143760
887 _a
901 _aDB37972
_b26.06.1989
902 _aE100 Su77p
949 _AVIRTUAITEM
_D10000
_X100
_6DBA000037972ENG
942 _2ddc
_cBKS
999 _aVIRTUA00
_c87532
_d87532